Statistics for Ολυμπιακός... ή Παναθηναϊκός;

Click here to take the quiz!

General Stats

  • This quiz has been taken 525 times
  • The average score is 9 of 10

Answer Stats

QuestionAnswer% Correct
Φέρει ως έμβλημα έναν δαφνοστεφανωμένο έφηβο, εμπνευσμένο από τους Αρχαίους Ολυμπιακούς Αγώνες.Ολυμπιακός
96%
Έχει ως έδρα το γήπεδο «Απόστολος Νικολαΐδης».Παναθηναϊκός
96%
Έχει κατακτήσει τα περισσότερα πρωταθλήματα Ελλάδας.Ολυμπιακός
96%
Ορισμένοι από τους προέδρους της ομάδας ήταν ο Σωκράτης Κόκκαλης, ο Σταύρος Νταϊφάς και ο Βαγγέλης Μαρινάκης.Ολυμπιακός
95%
Το στάδιο αυτής της ομάδας έχει μεγαλύτερη χωρητικότητα θεατών.Ολυμπιακός
92%
Σε αυτή την ομάδα αγωνίστηκαν ο Δημήτρης Σαραβάκος και ο Μίμης Δομάζος.Παναθηναϊκός
90%
Ο Κριστιάν Καρεμπέ κατέχει θέση συμβούλου στρατηγικής σε αυτή την ομάδα.Ολυμπιακός
89%
Η ομάδα αυτή ιδρύθηκε πρώτη ως αμιγώς ποδοσφαιρικό σωματείο.Παναθηναϊκός
83%
Η ομάδα μπάσκετ ανδρών αυτού του συλλόγου έχει κατακτήσει τα περισσότερα πρωταθλήματα στην Α1 Εθνική κατηγορία.Παναθηναϊκός
78%
Κατέκτησε το Βαλκανικό Κύπελλο του 1977.Παναθηναϊκός
60%

Score Distribution

Percentile by Number Answered

Percent of People with Each Score

Your Score History

You have not taken this quiz